01440 2200397 4500001002100000005001500021035002000036007000300056008004100059020002200100082001500122084001700137245024200154250003200396300004800428650003700476700003400513700003200547700003700579700002900616700003200645700003500677700003500712700003400747504002500781264003200806336002100838337003000859338002300889040002200912090002200934100003000956850001200986999002200998990002201020INLIS00000000087986420230710114709 a0010-0723000235ta230710 2023 a g ind  a978-623-02-6268-504223a005.13 a005.13 ENN a10aAplikasi machine learning pada ilmu sosial dan medis /cEnny Itje Sela, M.S. Hendriyawan A, Saucha Diwandari, Aditya Permana Wibowo, Donny Avianto, Muhammad Fachrie, Fadil Indra Sanjaya, Arif Pramudwiatmoko; penyunting, Zakiyatur Rosidah aCetakan pertama, Maret 2023 aviii, 150 halaman :btabel, gambar ;c23 cm 4aProgram komputer--xpembelajaran0 aM.S. Hendriyawan AePengarang0 aSaucha DiwandariePengarang0 aAditya Permana WibowoePengarang0 aDonny AviantoePengarang0 aMuhammad FachrieePengarang0 aFadil Indra SanjayaePengarang0 aArif PramudwiatmokoePengarang0 aZakiyatur RosidahePenyunting aTermasuk bibliografi31aSleman :bDeepublish,c2023 2rdacontentateks 2rdamediaatanpa perantara 2rdacarrieravolume aYOPDYOGbindcrda aCB-D.11 2023-11730 aEnny Itje Selaepengarang aYOPDYOG aCB-D.11/2023-1173 aCB-D.11/2023-1173